000
00318nam a22001337a 4500
008
170620b xxu||||| |||| 00| 0 eng d
020
_a
9780395961100
041
_a
eng
080
_a
32
100
_a
20
101
_a
shm
245
_a
POLITICS AND ECONOMIC POLICY IN THE UNITED STATES
_c
COHEN, J.E
942
_2
udc
_c
BK
999
_c
18346
_d
18346